The psychology of computer programming
Αποθηκεύτηκε σε:
| Κύριος συγγραφέας: | |
|---|---|
| Μορφή: | Βιβλίο |
| Γλώσσα: | English |
| Δημοσίευση: |
New York :
Dorset House Pub.,
c1998
|
| Έκδοση: | Silver anniversary ed. |
| Θέματα: | |
| Ετικέτες: |
Προσθήκη ετικέτας
Δεν υπάρχουν, Καταχωρήστε ετικέτα πρώτοι!
|
MARC
| LEADER | 00000nam a2200000 i 4500 | ||
|---|---|---|---|
| 001 | 1/17288 | ||
| 008 | 010215s1998 eng d | ||
| 020 | |a 0-932633-42-0 | ||
| 035 | |l 10066077 | ||
| 040 | |a GR-MY-UA |b gre |e aacr | ||
| 041 | 0 | |a eng | |
| 082 | 0 | |a 005.1019 | |
| 100 | 1 | |a Weinberg, Gerald M. | |
| 245 | 1 | 4 | |a The psychology of computer programming / |c Gerald M. Weinberg |
| 250 | |a Silver anniversary ed. | ||
| 260 | |a New York : |b Dorset House Pub., |c c1998 | ||
| 300 | |a xxii, 292 p.; |b ill.; |c 23 cm. | ||
| 504 | |a Includes bibliographical references and index | ||
| 650 | 0 | 0 | |a Computer programming |x Psychological aspects. |
| 852 | |a INST |b SAMOS |e 20010215 |h 005.1019 WEI |p 005300021675 |q 005300021675 |t BK |y 0 | ||
| 852 | |a INST |b SAMOS |e 20010215 |h 005.1019 WEI |p 005300021676 |q 005300021676 |t BK |y 0 | ||
| 852 | |a INST |b SAMOS |e 20010215 |h 005.1019 WEI |p 005300021677 |q 005300021677 |t BK |y 0 | ||
| 901 | |a BIBL3-2001-1 | ||
| 909 | |a Σ |b 085766 | ||
| 909 | |a Σ |b 085767 | ||
| 909 | |a Σ |b 085765 | ||
| 922 | |a 3ΕΛΗ |b 200008 |c ΤΠΕΣ/ΠΟΛ2 |d LEADER | ||
| 970 | |a ΠΟΥΡΝΑΡΑΣ |b ΔΗΜΗΤΡΗΣ |z 2001/02/15 | ||